| 000 | 00334nam a2200121Ia 4500 | ||
|---|---|---|---|
| 008 | 240624s9999 xx 000 0 und d | ||
| 041 | _aeng | ||
| 082 | _a174.4 FRA | ||
| 100 | _aFRANCIS RONALD D | ||
| 245 | _aBUSINESS ETHICS AN INDIAN PERSPECTIVE | ||
| 260 |
_c2009 _aNew Delhi _bTata McGraw-Hill |
||
| 300 | _axiv, : 248 : p. : cm. ; 23 | ||
| 999 |
_c24224 _d24224 |
||